| 000 | 00427nab a2200145Ia 4500 | ||
|---|---|---|---|
| 003 | ES-SlBCS | ||
| 005 | 20210601131739.0 | ||
| 008 | 140529s1953 xxu||||| |||| 00| 0 fre d | ||
| 041 | _afre | ||
| 100 | 1 |
_aVignaux, Paul _911521 |
|
| 245 | 0 | 0 |
_aLe mouvement ouvrier en France _c Paul Vignaux |
| 650 | 0 | 4 |
_aMovimiento Obrero-Francia _9177079 |
| 773 | 0 |
_tVie Intelectuelle (La) _gnº. 8-9, 1953, págs. 190-204 _wRev907 |
|
| 942 | _cAR | ||
| 999 |
_c568108 _d568108 |
||